| 000 | 01954nam a2200289Ia 4500 | ||
|---|---|---|---|
| 999 |
_c51351 _d51351 |
||
| 001 | 18333 | ||
| 003 | GE_BSU | ||
| 005 | 20220429110706.0 | ||
| 008 | 181216s2016||||ge |||||||||||||| ||geo|| | ||
| 020 | _a9789941462283 | ||
| 040 | _cGE_BSU | ||
| 041 | _ageo | ||
| 080 | _a338.48(479.223)+796.5(479.223)+908(479.223) ა-95 | ||
| 245 |
_aაჭარა : ტურისტულ-მხარეთმცოდნეობითი რესურსები / _cრედაქტორები: ბიჭიკო დიასამიძე, შუშანა ფუტკარაძე, ნოდარ კახიძე; პასუხისმგებელი რედაქტორი: ოლეგ ჯიბაშვილი; ბათუმის შოთა რუსთაველის სახელმწიფო უნივერსიტეტი. ნიკო ბერძენიშვილის ინსტიტუტი. |
||
| 264 |
_aბათუმი : _bბათუმის შოთა რუსთაველის სახელმწიფო უნივერსიტეტი, _c2016. |
||
| 300 |
_a404 გვ.: _bილ.; _c30 სმ. |
||
| 504 | _aბიბლიოგრაფია: გვ.: 62, 85, 123, 172 - 173, 200, 221, 243, 279-280, 297, 315, 338, 368, 391, 403. | ||
| 653 | _aმხარეთმცოდნეობა | ||
| 653 | _aტურიზმი | ||
| 653 | _aაჭარის ეკონომიკა | ||
| 653 | _aაჭარის ტურიზმი | ||
| 700 |
_aდიასამიძე, ბიჭიკო _eრედაქტორი _913699 |
||
| 700 |
_aფუტკარაძე, შუშანა _eრედაქტორი _91978 |
||
| 700 |
_a კახიძე, ნოდარ _eრედაქტორი _913700 |
||
| 700 |
_aჯიბაშვილი, ოლეგ _eრედაქტორი _913701 |
||
| 942 |
_cBK _2udc |
||